Sisŏn nŏmŏ If you were me 5 /

시선너머 If you were me 5.

"If You Were Me 5 is an innovative omnibus film project to promote tolerance and human rights and shed light on the hardships disadvantaged people face in Korea."---YesAsia.

Bibliographic Details
Other Authors: Kang, I-kwan, Pu, Chi-yŏng, Kim, Tae-sung, Yun, Sŏng-hyŏn, Sin, Tong-il, Kim, Hyŏn-ju, Pak, Chŏng-uk, Yi, Chŏng-ŭn, Kim, Chin-gŭn, Sim, I-yŏng, Kukka Inkwŏn Wiwŏnhoe, Indie Story, DS Media
Format: Video DVD
Language:Korean
Published: Sŏul : DS Media, 2012.
Edition:Anamorphic widescreen.
Subjects:
LEADER 02211cgm a2200505 a 4500
001 00025822
007 vd cvaizk
008 120829p20122011ko 114 vlkor d
024 1 |a 8809154129030 
040 |a BD-DhAAL  |c BD-DhAAL 
082 0 0 |a 791.43  |2 22 
245 0 0 |6 880-01  |a Sisŏn nŏmŏ  |h [videorecording] =   |b If you were me 5 /  |c chejak, Kukka Inkwŏn Wiwŏnhoe. 
246 3 1 |a If you were me 5 
246 3 |a If you were me five 
250 |a Anamorphic widescreen. 
260 |a Sŏul :  |b DS Media,  |c 2012. 
300 |a 1 videodisc (DVD) (114 min.) :  |b  sd., col. ;  |c 4 3/4 in. 
500 |a Originally produced as a motion picture in 2011. 
505 6 |a Ippal tugae / kamdok, Kang I-kwan Nima / kamdok, Pu Chi-yŏng Pengmun pektap / kamdok, Kim Tae-sung Banana sweikŭ / kamdok, Yun Sŏng-hyŏn Chinsil ŭl wihayŏ / kamdok, Sin tong-il. 
508 |a aKamdok, Kang I-kwan, Pu Chi-yŏng, Kim Tae-sung, Yun Sŏng-hyŏn, Sin Tong-il. 
520 |a "If You Were Me 5 is an innovative omnibus film project to promote tolerance and human rights and shed light on the hardships disadvantaged people face in Korea."---YesAsia. 
538 |a DVD; Dolby Digital 5.1, NTSC all regions. 
541 1 |e 00025823 
546 |a In Korean with optional subtitles in Korean and English. 
650 0 |a Human rights   |z Korea (South)  |v Drama.   |9 59516 
650 0 |a Feature films  |z Korea (South).  |9 4850 
655 |a Feature films 
655 |a Fiction films 
700 1 |a Kang, I-kwan.  |9 4851 
700 1 |a Pu, Chi-yŏng.  |9 4852 
700 1 |a Kim, Tae-sung.  |9 4853 
700 1 |a Yun, Sŏng-hyŏn  |9 4854 
700 1 |a Sin, Tong-il.  |9 4855 
700 1 |a Kim, Hyŏn-ju  |9 4856 
700 1 |a Pak, Chŏng-uk.  |9 4857 
700 1 |a Yi, Chŏng-ŭn.  |9 4858 
700 1 |a Kim, Chin-gŭn  |9 4859 
700 1 |a Sim, I-yŏng.  |9 4860 
700 2 |a Kukka Inkwŏn Wiwŏnhoe.  |9 4861 
700 2 |a Indie Story.  |9 4862 
700 2 |a DS Media.  |9 4863 
880 |6 245-01 /  |a 시선너머  |h [videorecording] =  |b If you were me 5. 
942 |2 ddc  |c AV 
999 |c 12782  |d 12782 
952 |0 0  |1 0  |2 ddc  |4 0  |6 791_430000000000000_SIS  |7 0  |9 21050  |a BRACUL  |b BRACUL  |c AV  |d 2012-08-28  |e BIL  |g 1.00  |l 0  |o 791.43 SIS  |p 4010025823  |r 2012-09-04  |t 1  |w 2012-08-28  |y AV